| 000 | 00415nam a2200109Ia 4500 | ||
|---|---|---|---|
| 008 | 160531s9999 xx 000 0 und d | ||
| 100 | _aWilliams, John W. | ||
| 245 | 3 | _aAn Overview of Complementary and Alternative Medicine Therapies for Anxiety and Depressive Disorders | |
| 245 | _cby John W Williams, Jr, et al. | ||
| 260 | _c2011 | ||
| 856 | _uhttp://www.ncbi.nlm.nih.gov/books/NBK82787/pdf/Bookshelf_NBK82787.pdf | ||
| 999 |
_c295517 _d295517 |
||